| 000 | 00546cam a2200229ua 4500 | ||
|---|---|---|---|
| 020 | _c2.50 | ||
| 041 |
_aeng _h |
||
| 082 |
_a539.7 _bSYE/IN |
||
| 100 | _aSyed, Yakub . | ||
| 245 |
_aIntroduction to atomic physics / _cSyed Yakub. _hTextual Documents |
||
| 250 |
_a2 / _b. |
||
| 260 |
_aMadras : _bCentral Art press , _c1961. |
||
| 300 | _a126 ; . | ||
| 365 | _a2.50 | ||
| 504 | _a | ||
| 700 | 1 | _aManikkam, J.P . | |
| 942 | _cBK | ||
| 999 |
_c7624 _d7624 |
||